000 00469nam a2200157 4500
999 _c5445
_d5445
008 161103b xxu||||| |||| 00| 0 eng d
022 _a9770118389007
082 _aDPer 641.05 F73 Mar-Jul 2013
100 _916758
_aJuntereal, CJ
245 _aEating down south/
_cCJ Juntereal.
260 _aQuezon City:
_bABS CBN Publishing, Inc.,
_c©2013.
300 _apages 68-75;
_c30 cm.
500 _aFood.
650 0 _916759
_aTravel and voyages
942 _2ddc
_cPER